Le problème clef de la construction européenne : La Pologne sur l'Oder

Na minha lista:
Detalhes bibliográficos
Autor principal: Zdziechowski, Jerzy
Formato: Livro
Idioma:Undetermined
Publicado em: Paris A. Pedone 1965
Assuntos:
Tags: Adicionar Tag
Sem tags, seja o primeiro a adicionar uma tag!
Thư viện lưu trữ: Trung tâm Học liệu Trường Đại học Cần Thơ
LEADER 00537nam a2200193Ia 4500
001 CTU_88287
008 210402s9999 xx 000 0 und d
082 |a 891.85 
082 |b Z39 
100 |a Zdziechowski, Jerzy 
245 0 |a Le problème clef de la construction européenne : 
245 0 |b La Pologne sur l'Oder 
245 0 |c Jerzy Zdziechowski 
260 |a Paris 
260 |b A. Pedone 
260 |c 1965 
650 |a Polish question 
904 |i Bằng,Hải 
980 |a Trung tâm Học liệu Trường Đại học Cần Thơ